000 00319nam a2200133 i 4500
001 bg
100 1 _aZIEMBA, Zenon
245 0 _aPodstawy cieplnego utrwalania żywności /
_cZenon Ziemba.
260 _aWarszawa,
_c1980.
040 _cBPK
041 _apol
942 _cKS
008 s pl f |000 0 pol
999 _c19449
_d19449
856 _uhttp://koha.tu.koszalin.pl/cgi-bin/koha/opac-detail.pl?biblionumber=19449
_yKatalog online BPK